| 000 | 00478nam a22001937a 4500 | ||
|---|---|---|---|
| 003 | MPLRDC | ||
| 005 | 20220104143705.0 | ||
| 008 | 210129b ||||| |||| 00| 0 eng d | ||
| 020 | _a983-9768-84-0 | ||
| 082 | _a541.26386 CYC | ||
| 100 | _a陈亚才 | ||
| 245 |
_a留根与遗恨 _c |
||
| 250 | _a一版一刷 | ||
| 260 |
_a马来西亚 _b大将事业社 _c2000 |
||
| 300 | _b平 | ||
| 490 | _a大将观点. 11 | ||
| 650 | _a文化之分布 | ||
| 942 |
_cBK _o541.26386 CYC |
||
| 999 |
_c42381 _d42371 |
||